Las uniones convivenciales : Regulación en el código civil y comercial y su impacto en el ordenamiento jurídico. Actualización doctrinaria y jurisprudencial /

Guardado en:
Autor Principal: Pellegrini, María Victoria
Otros Autores: Kemelmajer de Carlucci, Aída, (pról.)
Formato: Libro
Idioma:Spanish
Publicado: Buenos Aires : Erreius, 2023.
Edición:2a. ed. actualizada.
Materias:
Etiquetas: Agregar Etiqueta
Sin Etiquetas, Sea el primero en etiquetar este registro!
LEADER 00725nam a22001815a 4500
001 DER.der014846
008 230926s2023####ag#####|###|#|######spa||
005 20230927095727.0
245 1 0 |a Las uniones convivenciales :  |b Regulación en el código civil y comercial y su impacto en el ordenamiento jurídico. Actualización doctrinaria y jurisprudencial /  |c María Victoria Pellegrini. 
250 |a 2a. ed. actualizada. 
260 |a Buenos Aires :  |b Erreius,  |c 2023. 
300 |a 474 p. ;  |c 22 cm. 
020 |a 9789877933413 
100 1 |a Pellegrini, María Victoria 
700 1 |a Kemelmajer de Carlucci, Aída,  |e pról. 
650 7 |a UNIONES CONVIVENCIALES 
650 7 |a DERECHO DE FAMILIA 
859 |a DERECHO  |b BIB. DERECHO  |h 346.015  |i PEL  |p 0010238